[Event "4NCL Division Three West"]
[Site "Daventry, ENG"]
[Date "2022.10.22"]
[Round "1.25"]
[White "Jackson, Gary C"]
[Black "Naylor, Michael A"]
[Result "0-1"]
[WhiteElo "1977"]
[BlackElo "1942"]
[PlyCount "34"]
[EventDate "2022.10.22"]
[WhiteTeam "Oxford 2"]
[BlackTeam "Ashfield 1"]

1. e4 e5 2. Nf3 Nc6 3. Bb5 a6 4. Ba4 Nf6 5. d4 Nxe4 6. Qe2 f5 7. Nxe5 Nxe5 8.
f3 Qh4+ 9. g3 Nxf3+ 10. Qxf3 Qg4 11. Qxg4 fxg4 12. O-O b5 13. Bb3 Bb7 14. Bf7+
Kd8 15. Bf4 Be7 16. Be5 Ng5 17. Bxg7 Nh3# 0-1

[Event "4NCL Division Three West"]
[Site "Daventry, ENG"]
[Date "2022.10.22"]
[Round "1.26"]
[White "Ukken, Somton"]
[Black "Terry, Sean"]
[Result "0-1"]
[WhiteElo "1983"]
[BlackElo "1953"]
[PlyCount "67"]
[EventDate "2022.10.22"]
[WhiteTeam "Ashfield 1"]
[BlackTeam "Oxford 2"]

1. d4 Nf6 2. c4 e6 3. g3 Bb4+ 4. Bd2 Be7 5. Bg2 d5 6. Nf3 c6 7. Nc3 O-O 8. e3
Nbd7 9. cxd5 exd5 10. O-O Re8 11. Qc2 Bd6 12. Nh4 Nf8 13. e4 dxe4 14. Nxe4 Nxe4
15. Bxe4 Be7 16. Nf3 Bf6 17. Bc3 Be6 18. Rfe1 Bd5 19. Ne5 Bxe4 20. Rxe4 Qd5 21.
Rae1 Ne6 22. Ng4 h5 23. Nxf6+ gxf6 24. Qd1 Kg7 25. Rh4 Ng5 26. Rxe8 Rxe8 27. f4
Nf3+ 28. Kf2 Nxh4 29. gxh4 c5 30. Qg1+ Kh6 31. Qc1 cxd4 32. Bd2 d3 33. Be3 Rg8
34. f5+ 0-1

[Event "4NCL Division Three West"]
[Site "Daventry, ENG"]
[Date "2022.10.22"]
[Round "1.31"]
[White "Southcott-Moyers, Indy"]
[Black "Valentine, Brian J"]
[Result "1/2-1/2"]
[WhiteElo "2147"]
[BlackElo "1909"]
[PlyCount "68"]
[EventDate "2022.10.22"]
[WhiteTeam "West is Best 2"]
[BlackTeam "MK Phoenix 2"]

1. d4 Nf6 2. c4 e6 3. Nf3 b6 4. g3 Ba6 5. b3 Bb4+ 6. Bd2 Be7 7. Nc3 Bb7 8. Bg2
d6 9. O-O Nbd7 10. Qc2 c5 11. d5 e5 12. e4 Nf8 13. Nh4 Bc8 14. Nf5 Bxf5 15.
exf5 N8d7 16. Rae1 O-O 17. h3 h6 18. Nd1 a6 19. Nb2 Re8 20. Nd3 Qc7 21. Re2 Bf8
22. Rfe1 Rac8 23. g4 b5 24. Bc3 Rb8 25. f4 exf4 26. Rxe8 Rxe8 27. Rxe8 Nxe8 28.
Nxf4 bxc4 29. bxc4 Nef6 30. Bf3 Qb8 31. h4 Qe8 32. Bxf6 Qe3+ 33. Kg2 Qxf4 34.
Bb2 Ne5 1/2-1/2

[Event "4NCL Division Three West"]
[Site "Daventry, ENG"]
[Date "2022.10.22"]
[Round "1.32"]
[White "Reed, Darren"]
[Black "Bullen, Alex"]
[Result "1/2-1/2"]
[WhiteElo "1908"]
[BlackElo "2099"]
[PlyCount "136"]
[EventDate "2022.10.22"]
[WhiteTeam "MK Phoenix 2"]
[BlackTeam "West is Best 2"]

1. c4 e6 2. g3 d5 3. Bg2 Nf6 4. d4 Bb4+ 5. Nc3 O-O 6. Qb3 Nc6 7. e3 Re8 8. Nge2
Bxc3+ 9. Qxc3 e5 10. O-O Bg4 11. f3 Bh5 12. g4 Bg6 13. dxe5 Nxe5 14. g5 Bd3 15.
Rf2 Bxe2 16. Rxe2 Nh5 17. cxd5 Qxg5 18. f4 Qg4 19. fxe5 Qxe2 20. Bd2 Re7 21. d6
cxd6 22. exd6 Rd7 23. Qd4 Rad8 24. Bb4 a5 25. Ba3 b5 26. Bc5 Qc2 27. Be4 Qc4
28. Qxc4 bxc4 29. Bc6 Rxd6 30. Bxd6 Rxd6 31. Bf3 Nf6 32. Rc1 Kf8 33. Rxc4 Rd3
34. Ra4 Rxe3 35. Kf2 Re5 36. b4 axb4 37. Rxb4 Nd7 38. Ra4 Nc5 39. Ra8+ Ke7 40.
Ra7+ Ke6 41. Be2 Ne4+ 42. Kg2 Nd6 43. Bd1 Rg5+ 44. Kf1 Rc5 45. Bb3+ Kf6 46. Ra6
Ke5 47. Ra7 Kd4 48. Rd7 Rf5+ 49. Kg2 Kc5 50. Rc7+ Kb4 51. Rd7 Rf6 52. Bc2 h5
53. Bb3 g5 54. Rd8 Nf5 55. Re8 g4 56. Rb8+ Ka3 57. Ra8+ Kb2 58. Re8 Nh4+ 59.
Kg1 Nf3+ 60. Kg2 h4 61. Re4 h3+ 62. Kg3 Ng5 63. Re2+ Ka3 64. Kxg4 Nf3 65. Re3
Nxh2+ 66. Kxh3 Rf3+ 67. Rxf3 Nxf3 68. Bxf7 Nd4 1/2-1/2

[Event "4NCL Division Three West"]
[Site "Daventry, ENG"]
[Date "2022.10.22"]
[Round "1.33"]
[White "Freeland, Alex"]
[Black "Habershon, Paul F"]
[Result "0-1"]
[WhiteElo "2090"]
[BlackElo "1901"]
[PlyCount "76"]
[EventDate "2022.10.22"]
[WhiteTeam "West is Best 2"]
[BlackTeam "MK Phoenix 2"]

1. d4 Nf6 2. c4 e6 3. Nc3 c5 4. Nf3 cxd4 5. Nxd4 Nc6 6. g3 Be7 7. Bg2 O-O 8.
O-O a6 9. e4 Qc7 10. Nxc6 dxc6 11. Be3 Bd7 12. f4 e5 13. f5 Rfd8 14. Qf3 b5 15.
g4 bxc4 16. g5 Ne8 17. Qh5 g6 18. Qh4 Rab8 19. Qf2 Nd6 20. f6 Bf8 21. h4 Nb5
22. h5 gxh5 23. Bf3 Bg4 24. Bxg4 hxg4 25. Qh4 Nd4 26. Kg2 Rxb2+ 27. Bf2 Ne6 28.
Rh1 Nf4+ 29. Kf1 Nh3 30. Qxg4 Rxf2+ 31. Ke1 Qd7 32. Qxd7 Rxd7 33. Rxh3 Rg2 34.
Ne2 Bb4+ 35. Kf1 Rxg5 36. Rb1 a5 37. a3 Bf8 38. Rb6 Rd1+ 0-1

[Event "4NCL Division Three West"]
[Site "Daventry, ENG"]
[Date "2022.10.22"]
[Round "1.34"]
[White "Williamson, Kevin J"]
[Black "Taylor, William J"]
[Result "1-0"]
[WhiteElo "1871"]
[BlackElo "2050"]
[PlyCount "57"]
[EventDate "2022.10.22"]
[WhiteTeam "MK Phoenix 2"]
[BlackTeam "West is Best 2"]

1. d4 Nf6 2. Nc3 d5 3. Bg5 g6 4. e3 Bg7 5. f4 Bf5 6. Bd3 c6 7. Nf3 Nbd7 8. O-O
Ne4 9. Bxe4 Bxe4 10. Nxe4 dxe4 11. Nd2 f5 12. c4 c5 13. d5 Qc7 14. Rb1 b5 15.
b3 Nb6 16. Qc2 b4 17. Rbd1 a5 18. g4 a4 19. gxf5 gxf5 20. Rf2 Qd6 21. Rg2 Kd7
22. Nf1 Rhf8 23. Ng3 axb3 24. axb3 h6 25. Bh4 Bh8 26. Qe2 Qg6 27. Nxe4 Qf7 28.
Nxc5+ Kc7 29. Ne6+ 1-0

[Event "4NCL Division Three West"]
[Site "Daventry, ENG"]
[Date "2022.10.22"]
[Round "1.35"]
[White "Jukes, Sam"]
[Black "Whiteside, Robert"]
[Result "1-0"]
[WhiteElo "1975"]
[BlackElo "1840"]
[PlyCount "79"]
[EventDate "2022.10.22"]
[WhiteTeam "West is Best 2"]
[BlackTeam "MK Phoenix 2"]

1. e4 e6 2. Nf3 c5 3. d4 cxd4 4. Nxd4 Nc6 5. Nc3 Nf6 6. Nxc6 bxc6 7. e5 Nd5 8.
Ne4 Qc7 9. f4 Rb8 10. c4 Bb4+ 11. Bd2 Ne3 12. Qc1 Bxd2+ 13. Qxd2 Nxf1 14. Nd6+
Ke7 15. Rxf1 Qb6 16. f5 f6 17. O-O-O Rd8 18. exf6+ gxf6 19. Rf3 Qb4 20. Nxc8+
Rdxc8 21. Qxd7+ Kf8 22. Qd6+ Qxd6 23. Rxd6 exf5 24. Rxf6+ Kg7 25. R3xf5 Rc7 26.
Re6 Rd8 27. Rff6 Rf8 28. Rxc6 Rxf6 29. Rxc7+ Kg6 30. Rxa7 Rf1+ 31. Kc2 Rf2+ 32.
Kc3 Rxg2 33. Ra6+ Kg5 34. h4+ Kh5 35. Rd6 Rg3+ 36. Rd3 Rg4 37. Rd4 Rg3+ 38. Kb4
Rg2 39. b3 Rxa2 40. c5 1-0

[Event "4NCL Division Three West"]
[Site "Daventry, ENG"]
[Date "2022.10.22"]
[Round "1.36"]
[White "Obi, Okwose Marc"]
[Black "Homer, Stephen J"]
[Result "0-1"]
[WhiteElo "1803"]
[BlackElo "2026"]
[PlyCount "132"]
[EventDate "2022.10.22"]
[WhiteTeam "MK Phoenix 2"]
[BlackTeam "West is Best 2"]

1. e4 c5 2. Nf3 d6 3. d4 cxd4 4. Nxd4 Nf6 5. Nc3 a6 6. Bg5 Nbd7 7. Bc4 Qb6 8.
Bb3 e6 9. O-O Be7 10. Re1 O-O 11. Na4 Qa7 12. c4 Nc5 13. Nxc5 Qxc5 14. Be3 Qc7
15. f3 Bd7 16. Rc1 Rfc8 17. Qd2 Qd8 18. a4 Qe8 19. a5 Bd8 20. Ne2 Bc6 21. Ba2
Bc7 22. b4 Qd8 23. Red1 Ba4 24. Re1 b6 25. Nc3 Be8 26. axb6 Bxb6 27. Red1 Bxe3+
28. Qxe3 Qc7 29. b5 Rcb8 30. bxa6 Rxa6 31. Nb5 Qa5 32. Bb3 Bxb5 33. cxb5 Qxb5
34. Bc4 Qb6 35. Qxb6 Raxb6 36. Rc2 Rc6 37. Bd3 Rxc2 38. Bxc2 d5 39. exd5 Nxd5
40. Be4 Nc3 41. Re1 f5 42. Bd3 Kf7 43. Bc4 Rb6 44. h3 Kf6 45. Re3 Nd1 46. Re1
Nb2 47. Ba2 Nd3 48. Re3 Nf4 49. Rb3 Rxb3 50. Bxb3 Ke5 51. h4 Nd5 52. g3 Kd4 53.
Kf2 Kd3 54. Ba4 e5 55. Bb5+ Kd2 56. g4 Nc3 57. Bf1 fxg4 58. fxg4 e4 59. g5 Nd5
60. h5 Nf4 61. h6 g6 62. Kg3 Ne6 63. Kg4 e3 64. Kf3 Nxg5+ 65. Kf4 Nf7 66. Ke4
e2 0-1

[Event "4NCL Division Three West"]
[Site "Daventry, ENG"]
[Date "2022.10.22"]
[Round "1.51"]
[White "Li, Harry"]
[Black "Taylor, Robert K"]
[Result "1-0"]
[WhiteElo "2080"]
[BlackElo "1946"]
[PlyCount "89"]
[EventDate "2022.10.22"]
[WhiteTeam "Chessable White Rose 3"]
[BlackTeam "Shropshire & Friends"]

1. e4 e5 2. Nf3 Nc6 3. Bb5 Nf6 4. O-O Nxe4 5. Re1 Nd6 6. Nxe5 Be7 7. Bf1 O-O 8.
d4 Nf5 9. Nf3 d5 10. Nc3 Be6 11. Ne2 Nh4 12. Nxh4 Bxh4 13. Nf4 Bf5 14. c3 Qd7
15. g3 Bg5 16. Bg2 Bxf4 17. Bxf4 Rab8 18. b4 a6 19. a4 Be6 20. b5 Ne7 21. b6
cxb6 22. Bxb8 Rxb8 23. Rb1 Rc8 24. Qb3 Rc6 25. c4 Rxc4 26. Qxb6 g6 27. Qxb7
Qxb7 28. Rxb7 Nc6 29. Rb6 a5 30. Ra6 Nxd4 31. Rxa5 Ne2+ 32. Kf1 Nc3 33. Ra8+
Kg7 34. Ra1 d4 35. a5 Rb4 36. Rd8 d3 37. Ke1 Rb2 38. Rxd3 Re2+ 39. Kf1 Bc4 40.
Rxc3 Ra2+ 41. Rxc4 Rxa1+ 42. Ke2 Rxa5 43. Rd4 Ra2+ 44. Ke3 Ra3+ 45. Rd3 1-0

[Event "4NCL Division Three West"]
[Site "Daventry, ENG"]
[Date "2022.10.22"]
[Round "1.52"]
[White "Pugh, Glyn D"]
[Black "Chan, Sheng Liang Bernard"]
[Result "0-1"]
[WhiteElo "1927"]
[BlackElo "2093"]
[PlyCount "106"]
[EventDate "2022.10.22"]
[WhiteTeam "Shropshire & Friends"]
[BlackTeam "Chessable White Rose 3"]

1. d4 Nf6 2. c4 e6 3. Nc3 Bb4 4. a3 Bxc3+ 5. bxc3 O-O 6. f3 d5 7. e3 Nbd7 8.
cxd5 exd5 9. Bd3 c5 10. Ne2 Re8 11. O-O Nf8 12. Re1 Bd7 13. Ng3 cxd4 14. cxd4
Bc6 15. Ra2 Ne6 16. Rd2 Qa5 17. Bc2 Rad8 18. Rf1 Bb5 19. Bd3 Nc7 20. Bxb5 Nxb5
21. Rd3 Nd6 22. Bd2 Qa6 23. Bb4 Nc4 24. Qb3 Qb6 25. Re1 a5 26. Bc5 Qxb3 27.
Rxb3 b6 28. Rxb6 Nxb6 29. Bxb6 Ra8 30. e4 g6 31. e5 Re6 32. Bc5 Nd7 33. Bd6 Nb6
34. Ne2 Rae8 35. Rb1 Nc4 36. Nf4 Rxd6 37. exd6 Nxd6 38. Nxd5 Rd8 39. a4 Kg7 40.
Ne7 Nc4 41. Nc6 Rd6 42. Ne5 Rxd4 43. Nxc4 Rxc4 44. Ra1 Rc2 45. h4 Rc4 46. g4
Rc2 47. Ra3 Kf6 48. Re3 Rc4 49. Ra3 Ke5 50. Kg2 Kf4 51. Kh3 h6 52. Kg2 Rc2+ 53.
Kh3 Rf2 0-1

[Event "4NCL Division Three West"]
[Site "Daventry, ENG"]
[Date "2022.10.22"]
[Round "1.53"]
[White "Walton, Alan J"]
[Black "Bryant, Richard B E"]
[Result "1/2-1/2"]
[WhiteElo "2088"]
[BlackElo "1827"]
[PlyCount "54"]
[EventDate "2022.10.22"]
[WhiteTeam "Chessable White Rose 3"]
[BlackTeam "Shropshire & Friends"]

1. d4 Nf6 2. Bg5 d5 3. Bxf6 exf6 4. e3 c6 5. g3 Qb6 6. b3 Bb4+ 7. c3 Be7 8. Bg2
a5 9. Ne2 a4 10. Nd2 axb3 11. axb3 Rxa1 12. Qxa1 Na6 13. O-O O-O 14. Rc1 Nc7
15. c4 Bb4 16. Nc3 Be6 17. c5 Qa5 18. Qxa5 Bxa5 19. Ndb1 Na6 20. Bf1 Nb4 21.
Na4 b5 22. cxb6 Rb8 23. Nbc3 Bxb6 24. Nxb6 Rxb6 25. Ra1 Rb8 26. Ra7 h6 27. Na4
Bf5 1/2-1/2

[Event "4NCL Division Three West"]
[Site "Daventry, ENG"]
[Date "2022.10.22"]
[Round "1.54"]
[White "Slegg, Gary"]
[Black "Shaw, Peter"]
[Result "0-1"]
[WhiteElo "1807"]
[BlackElo "2079"]
[PlyCount "70"]
[EventDate "2022.10.22"]
[WhiteTeam "Shropshire & Friends"]
[BlackTeam "Chessable White Rose 3"]

1. e4 c5 2. d4 cxd4 3. c3 dxc3 4. Nxc3 Nc6 5. Nf3 e6 6. Bc4 a6 7. O-O b5 8. Bb3
Na5 9. Bc2 Bb7 10. Qe2 Rc8 11. Rd1 Bc5 12. Bf4 Ne7 13. a3 Ng6 14. Bg3 Be7 15.
Qd3 Nc4 16. Rab1 O-O 17. Qxd7 Qxd7 18. Rxd7 Nxa3 19. bxa3 Rxc3 20. Rxb7 Rxc2
21. Ra7 Rfc8 22. h3 Bxa3 23. Rxa6 b4 24. Bd6 R2c6 25. Rxc6 Rxc6 26. e5 f6 27.
Nd4 Rc4 28. Nb5 Nxe5 29. Nxa3 bxa3 30. Bxa3 h5 31. Rb7 Nd3 32. Rb8+ Kh7 33. Kf1
Rc2 34. f3 Nf4 35. Rb2 Rc1+ 0-1

[Event "4NCL Division Three West"]
[Site "Daventry, ENG"]
[Date "2022.10.22"]
[Round "1.55"]
[White "Flint, Martina"]
[Black "Sloan, Cecil"]
[Result "1-0"]
[WhiteElo "1828"]
[BlackElo "1645"]
[PlyCount "55"]
[EventDate "2022.10.22"]
[WhiteTeam "Chessable White Rose 3"]
[BlackTeam "Shropshire & Friends"]

1. f4 c5 2. g3 Nc6 3. Nf3 g6 4. c3 Bg7 5. d3 d5 6. Bg2 Nf6 7. O-O O-O 8. Qc2
Qb6 9. Kh1 Bf5 10. Nh4 c4 11. Nxf5 gxf5 12. dxc4 Ng4 13. h3 Nf2+ 14. Kh2 e6 15.
cxd5 exd5 16. Bxd5 Ne7 17. Bf3 Rad8 18. Na3 Nd1 19. Rxd1 Qf2+ 20. Bg2 Rxd1 21.
Qxd1 Qc5 22. Qd3 Nc6 23. Be3 Qe7 24. Nc2 Rd8 25. Bd4 Nxd4 26. Nxd4 Bxd4 27.
cxd4 Qe6 28. d5 1-0

[Event "4NCL Division Three West"]
[Site "Daventry, ENG"]
[Date "2022.10.22"]
[Round "1.61"]
[White "Hamer, Martyn"]
[Black "Ogunshola, Ben"]
[Result "1/2-1/2"]
[WhiteElo "2065"]
[BlackElo "2166"]
[PlyCount "26"]
[EventDate "2022.10.22"]
[WhiteTeam "Manchester Manticores"]
[BlackTeam "Brown Jack"]

1. d4 Nf6 2. Nc3 e6 3. e4 d5 4. Bg5 Bb4 5. e5 h6 6. Bd2 Bxc3 7. bxc3 Ne4 8. Qg4
Kf8 9. Nf3 c5 10. Bd3 Nxd2 11. Nxd2 Qg5 12. Qh3 Nc6 13. f4 Qxf4 1/2-1/2

[Event "4NCL Division Three West"]
[Site "Daventry, ENG"]
[Date "2022.10.22"]
[Round "1.62"]
[White "Richmond, Jane"]
[Black "Mazek, Marek"]
[Result "1-0"]
[WhiteElo "2066"]
[BlackElo "2010"]
[PlyCount "131"]
[EventDate "2022.10.22"]
[WhiteTeam "Brown Jack"]
[BlackTeam "Manchester Manticores"]

1. e4 c5 2. Nc3 d6 3. g3 Nc6 4. Bg2 g6 5. d3 Bg7 6. Be3 e6 7. Nge2 Nd4 8. Nc1
Ne7 9. Qd2 h5 10. h3 Rb8 11. Nd1 e5 12. c3 Ndc6 13. Ne2 b6 14. d4 Ba6 15. d5
Na5 16. b3 f5 17. Bg5 Qd7 18. c4 O-O 19. Nec3 Rf7 20. h4 fxe4 21. Nxe4 Nf5 22.
Be3 Bxc4 23. bxc4 Nxc4 24. Qc3 Ncxe3 25. Nxe3 Nd4 26. Rb1 Rbf8 27. Rb2 Qa4 28.
O-O Re7 29. Nc4 Qa6 30. Kh2 Nf5 31. Rd2 Rd8 32. Bh3 Nd4 33. Ng5 e4 34. Qc1 Bh6
35. Bg2 b5 36. Qa3 Qb7 37. Qa5 Rdd7 38. Ne3 b4 39. Nxe4 Rf7 40. Ng5 Rf8 41. Qa4
Re7 42. Qd1 Bxg5 43. hxg5 Rh7 44. Kg1 Qe7 45. Rxd4 cxd4 46. Qxd4 Qxg5 47. Bh3
Rb7 48. Be6+ Kh7 49. Nc4 Qd8 50. Nd2 a5 51. Kg2 a4 52. Qd3 Qb6 53. Ne4 b3 54.
axb3 axb3 55. Ng5+ Kh6 56. Qd2 Kg7 57. Bh3 Ra8 58. Qb2+ Kh6 59. Ne6 Kh7 60. Qf6
Rg8 61. Ng5+ Kh6 62. Bf5 b2 63. Bb1 Qc5 64. Nf7+ Rxf7 65. Qxf7 Rg7 66. Qe6 1-0

[Event "4NCL Division Three West"]
[Site "Daventry, ENG"]
[Date "2022.10.22"]
[Round "1.63"]
[White "Webster, Richard J"]
[Black "Parker, Francis"]
[Result "1/2-1/2"]
[WhiteElo "1936"]
[BlackElo "2003"]
[PlyCount "120"]
[EventDate "2022.10.22"]
[WhiteTeam "Manchester Manticores"]
[BlackTeam "Brown Jack"]

1. d4 c5 2. d5 e5 3. c4 f5 4. g3 d6 5. Bg2 Be7 6. Bd2 Nf6 7. Nc3 O-O 8. Nh3 Na6
9. O-O Nc7 10. Bg5 Ng4 11. Bd2 Qe8 12. f3 Nf6 13. e4 b5 14. Nf2 Rb8 15. Qc2 Qg6
16. Rad1 h5 17. f4 h4 18. fxe5 hxg3 19. hxg3 Nh5 20. Ne2 dxe5 21. Ba5 Ne8 22.
Nd3 Bd6 23. Be1 f4 24. cxb5 Bg4 25. gxf4 exf4 26. Nexf4 Nxf4 27. Nxf4 Bxf4 28.
Rd3 Qh5 29. Rxf4 Rxf4 30. Bg3 Qf7 31. Qd2 g5 32. a4 Rb6 33. Bxf4 gxf4 34. d6
Rb7 35. e5 f3 36. Bh1 Qg7 37. Kf2 Qxe5 38. Bxf3 Rf7 39. Kg2 Rg7 40. Kf2 Qh2+
41. Ke3 Qe5+ 42. Kf2 Nf6 43. Qe2 Qh2+ 44. Ke1 Qg1+ 45. Kd2 Bf5 46. Re3 Rh7 47.
Bg2 Rh2 48. Rg3+ Kh8 49. d7 Qd4+ 50. Ke1 Qxd7 51. Qe5 Qe6 52. Qxe6 Bxe6 53. a5
Nd7 54. Bc6 Rxb2 55. Re3 Nf8 56. Kd1 Ra2 57. b6 axb6 58. axb6 Ra6 59. b7 Rb6
60. Ra3 Nd7 1/2-1/2

[Event "4NCL Division Three West"]
[Site "Daventry, ENG"]
[Date "2022.10.22"]
[Round "1.64"]
[White "Headlong, Timothy"]
[Black "Lonsdale, Jon I"]
[Result "1-0"]
[WhiteElo "2060"]
[BlackElo "1896"]
[PlyCount "101"]
[EventDate "2022.10.22"]
[WhiteTeam "Brown Jack"]
[BlackTeam "Manchester Manticores"]

1. Nf3 c5 2. c4 Nc6 3. d4 cxd4 4. Nxd4 e5 5. Nb5 d6 6. N5c3 Be7 7. g3 f5 8. Nd5
Be6 9. Nbc3 Nf6 10. Bg2 O-O 11. b3 a6 12. O-O Rb8 13. f4 Kh8 14. a4 Bc8 15. Be3
Qe8 16. Qd2 Nxd5 17. Nxd5 b5 18. axb5 axb5 19. Nxe7 Nxe7 20. Qxd6 Bb7 21. Bxb7
Rxb7 22. Qxe5 bxc4 23. bxc4 Nc6 24. Qxe8 Rxe8 25. Bf2 Rxe2 26. Ra8+ Rb8 27.
Rxb8+ Nxb8 28. Ra1 Re8 29. Ra8 Rd8 30. Bb6 Rf8 31. Ba7 Nd7 32. Rxf8+ Nxf8 33.
c5 Ne6 34. c6 Nc7 35. Kf2 Kg8 36. Ke3 Kf7 37. Bb8 Nd5+ 38. Kd4 Ke6 39. Kc5 Ne7
40. Be5 g6 41. Kb6 Kd5 42. c7 Ke6 43. Kb7 Kd7 44. Bf6 Nc8 45. Bd8 Nd6+ 46. Kb8
Nc8 47. Bf6 Nd6 48. Bg7 Nc8 49. Bf8 Nb6 50. Bb4 Nc8 51. Bc5 1-0

[Event "4NCL Division Three West"]
[Site "Daventry, ENG"]
[Date "2022.10.22"]
[Round "1.65"]
[White "Potter, Steven"]
[Black "Jones, Mark A"]
[Result "1-0"]
[WhiteElo "1884"]
[BlackElo "1871"]
[PlyCount "117"]
[EventDate "2022.10.22"]
[WhiteTeam "Manchester Manticores"]
[BlackTeam "Brown Jack"]

1. d4 d5 2. Bg5 h6 3. Bh4 c6 4. e3 Qb6 5. Qc1 Bf5 6. Nf3 Nd7 7. Nbd2 e6 8. Be2
Be7 9. Bg3 Ngf6 10. O-O Nh5 11. c4 Nxg3 12. hxg3 Bg4 13. Bd3 h5 14. Nh2 Bf5 15.
Bxf5 exf5 16. cxd5 cxd5 17. Qc2 g6 18. Nhf3 Kf8 19. Nh4 Kg7 20. Rfc1 Bd6 21.
Nb3 Nf6 22. Nc5 Rac8 23. b4 Qd8 24. Qa4 b6 25. Nb7 Qe7 26. Nxd6 Qxd6 27. b5 Ne4
28. Qxa7 Ra8 29. Qb7 Rhb8 30. Qc6 Ra3 31. Nf3 Rba8 32. Ne5 Rxa2 33. Rxa2 Rxa2
34. f3 Qxc6 35. bxc6 Nd6 36. c7 Ra8 37. Nd7 Nc8 38. Kf1 f6 39. Rc6 Ra7 40. Nxf6
Ra1+ 41. Kf2 Ra2+ 42. Kg1 Ra1+ 43. Kh2 Ra5 44. Ne8+ Kf8 45. Nd6 Ra8 46. Nxc8
Rxc8 47. Rxg6 Kf7 48. Rd6 Ke7 49. Rxd5 Kf6 50. Re5 Rxc7 51. e4 fxe4 52. Rxe4
Rc1 53. Re5 Kg6 54. Re2 Rd1 55. Re4 Kf6 56. g4 h4 57. g3 Rd2+ 58. Kh3 Kg6 59.
gxh4 1-0

[Event "4NCL Division Three West"]
[Site "Daventry, ENG"]
[Date "2022.10.22"]
[Round "1.66"]
[White "Fernando, Manel"]
[Black "Pardoe, David"]
[Result "0-1"]
[WhiteElo "1513"]
[BlackElo "1805"]
[PlyCount "140"]
[EventDate "2022.10.22"]
[WhiteTeam "Brown Jack"]
[BlackTeam "Manchester Manticores"]

1. d4 Nf6 2. Nf3 e6 3. Bf4 c5 4. e3 Qb6 5. Qc1 Nc6 6. c3 d5 7. Bd3 Nh5 8. Bg3
Nxg3 9. hxg3 h6 10. Nbd2 Bd6 11. Rb1 Bd7 12. c4 cxd4 13. exd4 Nxd4 14. Qd1 Rc8
15. cxd5 exd5 16. O-O Bxg3 17. Nxd4 Qxd4 18. Nf3 Qb6 19. Qe2+ Be6 20. Bb5+ Kf8
21. Rbc1 Rc7 22. Rfd1 Bf4 23. Rxc7 Qxc7 24. Rxd5 a6 25. Ba4 b5 26. Bxb5 axb5
27. Rd1 g6 28. Qxb5 Kg7 29. Qa4 Bg4 30. Qd4+ Kh7 31. Qe4 Bf5 32. Qe2 Be6 33. b3
h5 34. g3 Bd6 35. Ng5+ Kg7 36. Nxe6+ fxe6 37. Qxe6 Rd8 38. Qe3 Be7 39. Re1 Bf6
40. Rc1 Qa5 41. Qe2 Rd2 42. Qe8 Rxa2 43. Qd7+ Kh6 44. Qf7 Ra1 45. Qf8+ Bg7 46.
Qc8 Qd2 47. Rxa1 Bxa1 48. Qf8+ Bg7 49. Qf7 Qg5 50. Kf1 h4 51. gxh4 Qxh4 52. Qf3
Bf6 53. Kg2 Bd4 54. Qf8+ Bg7 55. Qf3 Qg5+ 56. Kf1 Qc1+ 57. Kg2 Qg5+ 58. Kf1 Qh4
59. Kg2 Bd4 60. Qf8+ Kh5 61. Qf7 Qe4+ 62. Kf1 Qf5 63. Qh7+ Kg4 64. Qh2 Qf3 65.
b4 Qh3+ 66. Qxh3+ Kxh3 67. Kg1 Bc3 68. b5 Bd4 69. Kf1 Kh2 70. f3 g5 0-1

﻿

[Event "4NCL Division Three West"]
[Site "Warwick, ENG"]
[Date "2023.04.30"]
[Round "10.11"]
[White "Wills, Tom"]
[Black "Pitcher, John"]
[Result "0-1"]
[WhiteElo "2106"]
[BlackElo "2321"]
[PlyCount "62"]
[EventDate "2023.04.30"]
[WhiteTeam "Chessable White Rose 3"]
[BlackTeam "Warwickshire Select 1"]

1. e4 c5 2. Nf3 e6 3. d4 cxd4 4. Nxd4 Nc6 5. Bf4 a6 6. Nxc6 bxc6 7. Bd3 d5 8.
O-O Nf6 9. Nd2 a5 10. Qe2 Be7 11. Rac1 O-O 12. c4 Qb6 13. Bg5 Bd8 14. Bxf6 Bxf6
15. e5 Be7 16. Nf3 Bd7 17. h4 Rab8 18. b3 Rfd8 19. Rc3 Be8 20. cxd5 cxd5 21.
Rfc1 Qb4 22. g3 a4 23. Ng5 h6 24. Nf3 axb3 25. axb3 Qg4 26. Bb1 Ba3 27. R1c2
Bb5 28. Qd1 d4 29. Rd2 Bb4 30. Rcd3 Bxd2 31. Rxd2 Bc6 0-1

[Event "4NCL Division Three West"]
[Site "Warwick, ENG"]
[Date "2023.04.30"]
[Round "10.12"]
[White "Baker, Chris W"]
[Black "Eagleton, Greg T"]
[Result "1-0"]
[WhiteElo "2294"]
[BlackElo "2107"]
[PlyCount "97"]
[EventDate "2023.04.30"]
[WhiteTeam "Warwickshire Select 1"]
[BlackTeam "Chessable White Rose 3"]

1. d4 Nf6 2. Bf4 d5 3. Nf3 c5 4. c3 cxd4 5. cxd4 Nc6 6. Nc3 e6 7. e3 Bd6 8. Bg3
O-O 9. Bd3 a6 10. Rc1 Qc7 11. O-O Qb8 12. Bb1 Rd8 13. Bh4 Be7 14. Na4 Nd7 15.
Rxc6 Bxh4 16. Rxc8 Rxc8 17. Nxh4 Qd6 18. Nc3 Rc7 19. Nf3 Rac8 20. e4 dxe4 21.
Nxe4 Qf4 22. g3 Qg4 23. Kg2 Qh5 24. Qd3 Qd5 25. Nc3 Qh5 26. Re1 Nf6 27. h3 Rd8
28. g4 Nxg4 29. hxg4 Qxg4+ 30. Kf1 Qh3+ 31. Ke2 Rcd7 32. Qe4 Qh5 33. Rg1 Rxd4
34. Qxh7+ Qxh7 35. Bxh7+ Kxh7 36. Nxd4 Rxd4 37. Rd1 Rb4 38. b3 g5 39. Ke3 f5
40. Rd6 e5 41. Rd5 Rh4 42. Rxe5 Rh3+ 43. Kd2 Rf3 44. Nd1 Kh6 45. Re7 b5 46.
Re6+ Kh5 47. Rxa6 g4 48. Rb6 Kh4 49. Rxb5 1-0

[Event "4NCL Division Three West"]
[Site "Warwick, ENG"]
[Date "2023.04.30"]
[Round "10.13"]
[White "Burnett, Jim"]
[Black "Fallowfield, Jeremy R"]
[Result "0-1"]
[WhiteElo "2044"]
[BlackElo "2196"]
[PlyCount "68"]
[EventDate "2023.04.30"]
[WhiteTeam "Chessable White Rose 3"]
[BlackTeam "Warwickshire Select 1"]

1. d4 Nf6 2. c4 g6 3. g3 Bg7 4. Bg2 O-O 5. Nc3 d6 6. Nf3 c5 7. O-O Nc6 8. d5
Na5 9. Nd2 e6 10. Qc2 exd5 11. cxd5 Re8 12. Re1 Bd7 13. b3 b5 14. Bb2 b4 15.
Nce4 Bf5 16. Nxf6+ Bxf6 17. e4 Bd7 18. f4 Bxb2 19. Qxb2 Rc8 20. Nc4 Nxc4 21.
bxc4 f6 22. Re3 a5 23. Rae1 a4 24. e5 fxe5 25. fxe5 a3 26. Qa1 Rxe5 27. Rxe5
dxe5 28. Qxe5 Qe8 29. Qa1 Qf7 30. d6 Re8 31. Bd5 Be6 32. Rxe6 Rxe6 33. d7 Qxd7
34. Qf6 Qxd5 0-1

[Event "4NCL Division Three West"]
[Site "Warwick, ENG"]
[Date "2023.04.30"]
[Round "10.14"]
[White "Mason, Donald J"]
[Black "Edwards-Wright, Miles D"]
[Result "1/2-1/2"]
[WhiteElo "2149"]
[BlackElo "2051"]
[PlyCount "41"]
[EventDate "2023.04.30"]
[WhiteTeam "Warwickshire Select 1"]
[BlackTeam "Chessable White Rose 3"]

1. e4 g6 2. d4 Bg7 3. Nc3 d6 4. Be3 a6 5. h4 h5 6. Qd2 b5 7. O-O-O Nd7 8. Nh3
Nb6 9. Ng5 Nf6 10. a3 c6 11. e5 dxe5 12. dxe5 Qxd2+ 13. Rxd2 Nfd5 14. Bxb6 Nxb6
15. f4 Bh6 16. g3 Bxg5 17. hxg5 Be6 18. Bg2 Rc8 19. b3 O-O 20. Bf3 Kg7 21. Kb2
1/2-1/2

[Event "4NCL Division Three West"]
[Site "Warwick, ENG"]
[Date "2023.04.30"]
[Round "10.15"]
[White "Shaw, Peter"]
[Black "Shephard, Chris C W"]
[Result "1/2-1/2"]
[WhiteElo "2079"]
[BlackElo "2189"]
[PlyCount "80"]
[EventDate "2023.04.30"]
[WhiteTeam "Chessable White Rose 3"]
[BlackTeam "Warwickshire Select 1"]

1. d4 Nf6 2. c4 c5 3. d5 e5 4. Nc3 d6 5. e4 g6 6. Be2 Bg7 7. Bg5 h6 8. Be3 a6
9. g4 h5 10. g5 Nh7 11. Qd2 O-O 12. f4 exf4 13. Bxf4 Qe7 14. Bd3 Nd7 15. Nf3
Ne5 16. Nxe5 Bxe5 17. h4 Bg4 18. O-O f6 19. gxf6 Rxf6 20. Bxe5 Qxe5 21. Qe3
Raf8 22. Rxf6 Nxf6 23. Rf1 Kg7 24. Kg2 Nd7 25. Rxf8 Kxf8 26. Qh6+ Kf7 27. Qh7+
Qg7 28. Qxg7+ Kxg7 29. Kg3 Kf6 30. Kf4 Ne5 31. Bf1 Nf3 32. Be2 Ne5 33. Bxg4
Nxg4 34. Na4 Ne5 35. b3 Nd3+ 36. Ke3 Ne1 37. Kf4 Nd3+ 38. Ke3 Ne1 39. Kf4 Ng2+
40. Kg3 Ne1 1/2-1/2